| 000 | 00423nam a2200157 4500 | ||
|---|---|---|---|
| 001 | 6012 | ||
| 090 | _a6012 | ||
| 100 | _a20190723b u||y0fre||u0ba y50 | ||
| 101 | _aspa | ||
| 200 |
_aRebelión _bPériodique _eperiodico politico comunista |
||
| 210 |
_a[S.l.] _c[s.n.] _d197? |
||
| 215 |
_cill. _d21 cm |
||
| 606 |
_96556 _aEspagne 1939-1977 : dictature franquiste |
||
| 607 |
_9493 _aEspagne |
||
| 801 |
_aCH _bCH-002049-8 |
||
| 955 | _r1971 : n°6 (sept.) | ||